• 首页
  • 本馆介绍
  • 公告通知
  • 最新文献
  • 馆藏检索
  • 电子资源
  • 读者导购
  • 参考咨询
  • 我的图书馆
  • 登录
  • 详细信息显示
  • 放入我的书架
  • 预约/预借图书
  • 作者相关作品
  • 分类相关作品
  • 丛书相关作品
  • 出版社相关作品

书目信息

  • 表格格式
  • 工作单格式
  • 卡片格式
题名:
财政审计与现代国家治理
    
 
作者: ;娄底市审计局 著
分册:  
出版信息: 北京   中国时代经济出版社  2015
页数: 223页
开本: 24cm
丛书名:
单 册:
中图分类: F239.65 , D63
科图分类:
主题词: 财政审计--作用--国家--行政管理--研究--中国
电子资源:
ISBN: 978-7-5119-2415-5
000 00846nam0 2200229 450
001 2355514118
005 20231129152631.72
010    @a978-7-5119-2415-5@dCNY45.00
100    @a20151101d2015 em y0chiy50 ea
101 0  @achi
102    @aCN@b110000
105    @ay z 000yy
200 1  @a财政审计与现代国家治理@Acai zheng shen ji yu xian dai guo jia zhi li@f娄底市审计局著
210    @a北京@c中国时代经济出版社@d2015
215    @a223页@d24cm
330    @a本书共分五章,财政审计与国家治理理论分析、我国财政审计探索与实践、财政审计国际比较与借鉴、面向现代国家治理的财政审计策略选择、财政审计推动完善国家治理的政策建议等。
606 0  @a财政审计@x作用@x国家@x行政管理@x研究@y中国
690    @aF239.65@v5
690    @aD63@v5
711 02 @a娄底市审计局@Alou di shi shen ji ju@4著
801  0 @aCN@b山东中教@c20231126
905    @aBZT@dF239.65@e3
    
    财政审计与现代国家治理/娄底市审计局著.-北京:中国时代经济出版社,2015
    223页;24cm
    
    
    ISBN 978-7-5119-2415-5:CNY45.00
    本书共分五章,财政审计与国家治理理论分析、我国财政审计探索与实践、财政审计国际比较与借鉴、面向现代国家治理的财政审计策略选择、财政审计推动完善国家治理的政策建议等。
●
相关链接 在五车中查询图书 在当当中查询图书 在豆瓣中查询图书


正题名:财政审计与现代国家治理     索取号:F239.65/3         预约/预借

序号 登录号 条形码 馆藏地/架位号 状态 备注
1 2001196220   2001196220   中教(第二批第二书库)/山东中教(第二批)/325/ [索取号:F239.65/3] 在馆    
2 2001196221   2001196221   中教(第二批第二书库)/山东中教(第二批)/325/ [索取号:F239.65/3] 在馆    
3 2001196222   2001196222   中教(第二批第二书库)/山东中教(第二批)/325/ [索取号:F239.65/3] 在馆    
4 2001196223   2001196223   中教(第二批第二书库)/山东中教(第二批)/325/ [索取号:F239.65/3] 在馆    
5 2001196224   2001196224   中教(第二批第二书库)/山东中教(第二批)/325/ [索取号:F239.65/3] 在馆    
6 2001196225   2001196225   中教(第二批第二书库)/山东中教(第二批)/325/ [索取号:F239.65/3] 在馆    
7 2001196226   2001196226   中教(第二批第二书库)/山东中教(第二批)/325/ [索取号:F239.65/3] 在馆    
8 2001196227   2001196227   中教(第二批第二书库)/山东中教(第二批)/325/ [索取号:F239.65/3] 在馆    
9 2001196228   2001196228   中教(第二批第二书库)/山东中教(第二批)/325/ [索取号:F239.65/3] 在馆    
10 2001196229   2001196229   中教(第二批第二书库)/山东中教(第二批)/325/ [索取号:F239.65/3] 在馆    
11 2001196230   2001196230   中教(第二批第二书库)/山东中教(第二批)/325/ [索取号:F239.65/3] 在馆    
12 2001196231   2001196231   中教(第二批第二书库)/山东中教(第二批)/325/ [索取号:F239.65/3] 在馆    
13 2001196232   2001196232   中教(第二批第二书库)/山东中教(第二批)/325/ [索取号:F239.65/3] 在馆    
14 2001196233   2001196233   中教(第二批第二书库)/山东中教(第二批)/325/ [索取号:F239.65/3] 在馆    
15 2001196234   2001196234   中教(第二批第二书库)/山东中教(第二批)/325/ [索取号:F239.65/3] 在馆    
16 2001196235   2001196235   中教(第二批第二书库)/山东中教(第二批)/325/ [索取号:F239.65/3] 在馆    
17 2001196236   2001196236   中教(第二批第二书库)/山东中教(第二批)/325/ [索取号:F239.65/3] 在馆    
18 2001196237   2001196237   中教(第二批第二书库)/山东中教(第二批)/325/ [索取号:F239.65/3] 在馆    
19 2001196238   2001196238   中教(第二批第二书库)/山东中教(第二批)/325/ [索取号:F239.65/3] 在馆    
20 2001196239   2001196239   中教(第二批第二书库)/山东中教(第二批)/325/ [索取号:F239.65/3] 在馆    
21 2001196240   2001196240   中教(第二批第二书库)/山东中教(第二批)/325/ [索取号:F239.65/3] 在馆    
22 2001196241   2001196241   中教(第二批第二书库)/山东中教(第二批)/325/ [索取号:F239.65/3] 在馆    
23 2001196242   2001196242   中教(第二批第二书库)/山东中教(第二批)/325/ [索取号:F239.65/3] 在馆    
24 2001196243   2001196243   中教(第二批第二书库)/山东中教(第二批)/325/ [索取号:F239.65/3] 在馆    
25 2001196244   2001196244   中教(第二批第二书库)/山东中教(第二批)/325/ [索取号:F239.65/3] 在馆    
26 2001196245   2001196245   中教(第二批第二书库)/山东中教(第二批)/325/ [索取号:F239.65/3] 在馆    
27 2001196246   2001196246   中教(第二批第二书库)/山东中教(第二批)/325/ [索取号:F239.65/3] 在馆    
28 2001196247   2001196247   中教(第二批第二书库)/山东中教(第二批)/325/ [索取号:F239.65/3] 在馆    
29 2001196248   2001196248   中教(第二批第二书库)/山东中教(第二批)/325/ [索取号:F239.65/3] 在馆    
30 2001196249   2001196249   中教(第二批第二书库)/山东中教(第二批)/325/ [索取号:F239.65/3] 在馆    
山东省滨州职业学院图书馆 欢迎您!
大连网信软件有限公司© 版权所有